Sankara-no-other : (Record no. 168976)

MARC details
000 -LEADER
fixed length control field 00599nam a2200193 4500
005 - DATE AND TIME OF LATEST TRANSACTION
control field 20191101123951.0
010 ## - LCCN (DPL NO)
LC control number ENG-126783
020 ## - INTERNATIONAL STANDARD BOOK NUMBER
International Standard Book Number 9788184305616
Terms of availability 500.00
035 ## - SYSTEM CONTROL NUMBER
System control number EN-110315
037 ## - SOURCE OF ACQUISITION
Source of stock number/acquisition DBAD/PUB
082 ## - DEWEY DECIMAL CLASSIFICATION NUMBER
Classification number 230.35
100 ## - MAIN ENTRY--PERSONAL NAME
Personal name Raghunandan Trikannad
245 ## - TITLE STATEMENT
Title Sankara-no-other :
Statement of responsibility, etc by Raghunandan Trikannad
Remainder of title a tribute to Adi Sankaracarya /
260 ## - PUBLICATION, DISTRIBUTION, ETC. (IMPRINT)
Place of publication, distribution, etc New Delhi
Name of publisher, distributor, etc Ocean Books
Date of publication, distribution, etc 2019
270 ## - ADDRESS
Address 4/19, Asaf Ali Road
City New Delhi
Postal code 110002
Electronic mail address info@oceanbooks.in
300 ## - PHYSICAL DESCRIPTION
Extent 238p.
Dimensions 22cm(Hb)
500 ## - GENERAL NOTE
General note Includes index
942 ## - ADDED ENTRY ELEMENTS (KOHA)
Source of classification or shelving scheme Dewey Decimal Classification
Item type English Books
Classification part 230.35
Call number suffix RAM
Holdings
Withdrawn status Lost status Not for loan Collection code Home library Current library Date acquired Source of acquisition Cost, normal purchase price Full call number Barcode Copy number Cost, replacement price Koha item type
      Non-fiction Central Library Central Library 01/11/2019 DBAD/PUB 500.00 230.35 RAM EN-110315 1 500.00 English Books

© Delhi Public Library
Hit Counter
free hit counter